000 01907nam a2200421 a 4500
001 000013521
003 DO-SdBNP
005 20180312102104.0
007 000013521
008 091117s2014 dr ac 000 0 spa d
020 _a9789945118780 (v. 1)
020 _a9789945118759 (v.2) Guía
020 _a9789945118728 (v.3) Cuaderno
040 _aBPMSU
_bspa
_cBPMSU
082 0 4 _a372.6561
_bI37e 1ro. 2014
100 1 _aIncháustegui, María Isabel
245 1 0 _aEspañol 1 :
_beducación básica /
_cMaría Isabel Incháustegui ; dirección editorial Claudia Llibre ; ilustraciones Ruddy Núñez ... [et.al].
260 _aSanto Domingo :
_bSantillana,
_c2014.
300 _a3v. :
_bil., retrs. ;
_c28 cm. +
_eCD-ROM
490 1 _aProyecto todos juntos
500 _aIncluye Guía didáctica y Cuaderno
500 _aLa biblioteca posee el volumen 1
505 0 _gv. 1 -
_gUnidad 1 --
_tVamos a conocernos --
_gUnidad 2 --
_tPaseo al zoológico --
_gUnidad 3 --
_tNuestra escuela es una canción --
_gUnidad 4 --
_tVivir en una ciudad --
_gunidad 5 --
_tDe compras en navidad --
_gUnidad 6 --
_tPara ver y reír --
_gUnidad 7 --
_tMe comunico con los demás --
_gUnidad 8 --
_tUn recorrido por nuestras tradiciones --
_gUnidad 9 --
_tMejor informados --
_gUnidad 10 --
_tHistorias de siempre --
650 4 _aESPAÑOL
_xENSEÑANZA BÁSICA
650 4 _aESPAÑOL
_xEDUCACIÓN PRIMARIA
650 4 _aEDUCACIÓN PRIMARIA
_zREPÚBLICA DOMINICANA
650 4 _aESPAÑOL
_xESTUDIOS Y EJERCICIOS
650 4 _aESPAÑOL
_xLIBROS DE TEXTOS
700 1 _aIncháustegui, María Isabel
700 1 2 _aLlibre, Claudia
_eed.
700 1 _aNúñez, Ruddy,
_eil.
830 0 _aProyecto todos juntos
910 _aValidado. Control de calidad MFF
942 _2ddc
_cBK
945 _aRemanejado para BNPHU / 2018 BT
956 _aVMATEO
_b10
_c20150812
_lBPMSU
_h00151
956 _aLOPEREZ
_b10
_c20160418
_lBPMSU
_h00041
999 _c8188
_d8188